Reforma educativa y conservación social : aspectos sociales del cambio educativo en Paraguay.

Збережено в:
Бібліографічні деталі
Автор: Ortiz Sandoval, Luis (autor)
Формат: Невідомо
Мова:Іспанська
Предмети:
Онлайн доступ:Ver documento en línea
Теги: Додати тег
Немає тегів, Будьте першим, хто поставить тег для цього запису!

MARC

LEADER 00000c**#a2200000ua#4500
001 000525120
003 DLC
005 20260413000000.0
008 070831c^^^^9999^^^^r1^^^^^^^^0^^^^0spa^d
009 20260413154804.33
022 |a 01851284 
035 |a FCE 000069365 
037 |a Acervo ITESO - Biblioteca 
041 |a spa 
095 |a RLEE  |b 12-4-55 
100 |a Ortiz Sandoval, Luis  |e (autor) 
245 1 0 |a Reforma educativa y conservación social :  |b aspectos sociales del cambio educativo en Paraguay. 
264 |a México :  |b Centro de Estudios Educativos,  |c 2012. 
336 |a texto  |b txt  |2 rdacontenido 
337 |a sin mediación  |b n  |2 rdamedio 
338 |a volumen  |b nc  |2 rdasoporte 
649 |a XX 
650 |a Sistema educativo 
650 |a Desigualdad social 
650 |a Reforma educativa 
650 |a Paraguay 
740 |g vol. 42, no. 4, 2012, pp. 55-90  |t Revista Latinoamericana de Estudios Educativos. Construcción Ciudadana de lo Público, 
856 4 0 |u https://www.cee.edu.mx/rlee/revista/r2011_2020/r_texto/t_2012_4_04.pdf  |y Ver documento en línea 
910 |a Fondo Centro de Estudios Educativos 
920 |a Impresos - Libros 
930 |a Fondos Especiales 
905 |a 133 
902 |a https://opac.biblio.iteso.mx/vufind/Record/000525120